| 000 | 01256cad a2200289 4500 | ||
|---|---|---|---|
| 001 | L159095 | ||
| 008 | 100215n2012 000 0 eng u | ||
| 020 | _a9781842197745 | ||
| 035 | _a(Sirsi) u159095 | ||
| 041 | _aeng | ||
| 100 | 1 | _aThompson, Brian | |
| 245 | 0 | 0 |
_aLocal asset backed vehicles _bA success story or unproven concept? _h[electronic resource] |
| 260 |
_aLondon _bRICS _c2012 |
||
| 490 | 0 | _aRICS Research | |
| 520 | _aReview of Local Asset Backed Vehicles with Local Partnerships trying to provide objective commentary on their achievements. Looks at the challenges to their creation and operation, and their potential future shape and direction in the context of the financial and economic environment. | ||
| 650 | 2 | 4 | _aLOCAL ASSET BACKED VEHICLES |
| 650 | 2 | 4 | _aJOINT VENTURES |
| 650 | 2 | 4 | _aPUBLIC PRIVATE PARTNERSHIPS |
| 650 | 2 | 4 | _aLOCAL AUTHORITIES |
| 651 | 4 | _aUnited Kingdom | |
| 690 |
_aProcurement _96260 |
||
| 690 |
_aInfrastructure _96246 |
||
| 710 | 1 |
_aRoyal Institution of Chartered Surveyors _94900 |
|
| 710 | 1 | _aLocal Partnerships | |
| 856 | 4 | 8 |
_uhttps://www.realestateworks.co.uk/wp-content/uploads/2019/07/Local-Asset-Backed-Vehicles-A-success-story-or-unproven-concept.pdf _zView the research |
| 942 |
_n0 _2ddc |
||
| 999 |
_c115671 _d115671 |
||